[Event "Landsturneringen 2014"]
[Site "Clarion Hotel & Congress Trondheim"]
[Date "2014.07.14"]
[Round "3"]
[White "Mikalsen, Erlend"]
[Black "Holm, Kristian Stuvik"]
[Result "1/2-1/2"]
[WhiteElo "2128"]
[BlackElo "2316"]
[PlyCount "64"]
[EventDate "2014.??.??"]

1. e4 c5 2. Nf3 e6 3. d4 cxd4 4. Nxd4 Nc6 5. Nb5 d6 6. c4 a6 7. N5c3 Nf6 8. Be2
Be7 9. O-O O-O 10. Be3 Qc7 11. Nd2 b6 12. Rc1 Ne5 13. b4 Bb7 14. f3 Rac8 15.
Nb3 Rfe8 16. Na4 Ned7 17. Qd4 Bc6 18. Nc3 Qb8 19. a4 Bd8 20. Rfd1 Bc7 21. a5
bxa5 22. Nxa5 Bb6 23. Qd2 Bxe3+ 24. Qxe3 Qxb4 25. Ra1 Ba8 26. Qd2 Red8 27. Kf1
Ne5 28. Nd5 Qxd2 29. Nxf6+ gxf6 30. Rxd2 Kf8 31. Rb1 Rc5 32. Ra2 d5
1/2-1/2

[Event "Landsturneringen 2014"]
[Site "Clarion Hotel & Congress Trondheim"]
[Date "2014.07.14"]
[Round "3"]
[White "Grønn, Atle"]
[Black "Fossan, Petter"]
[Result "0-1"]
[WhiteElo "2368"]
[BlackElo "2257"]
[PlyCount "80"]
[EventDate "2014.??.??"]

1. Nf3 g6 2. d4 Bg7 3. e4 c5 4. d5 d6 5. a4 Nf6 6. Bb5+ Bd7 7. Nc3 O-O 8. O-O
Bg4 9. Re1 Nbd7 10. h3 Bxf3 11. Qxf3 a6 12. Bf1 Ne8 13. a5 Nc7 14. Bd2 e6 15.
Red1 exd5 16. Nxd5 Nxd5 17. exd5 Re8 18. Ra4 Qf6 19. Qb3 Rab8 20. Bc1 h5 21.
Qg3 Qe7 22. c3 Kh7 23. Bd2 Qf8 24. Raa1 Bh6 25. f4 f5 26. Qf3 Nf6 27. Be3 Qf7
28. Bc4 Re7 29. b3 Ne4 30. Rd3 Bg7 31. Rc1 h4 32. Kh2 Bf6 33. Rc2 Rc8 34. Bc1
Qg7 35. Re3 Rce8 36. Bf1 Ng3 37. Rxe7 Qxe7 38. Bb2 Qe1 39. Kg1 Qb1 40. Rf2 Nxf1
0-1

[Event "Landsturneringen 2014"]
[Site "Clarion Hotel & Congress Trondheim"]
[Date "2014.07.14"]
[Round "4"]
[White "Gausel, Einar J"]
[Black "Hauge, Lars Oskar"]
[Result "1/2-1/2"]
[WhiteElo "2504"]
[BlackElo "2313"]
[PlyCount "146"]
[EventDate "2014.??.??"]

1. d4 Nf6 2. Nf3 d5 3. c4 dxc4 4. e3 b5 5. a4 b4 6. Bxc4 e6 7. O-O Be7 8. Qe2
Bb7 9. Nbd2 O-O 10. e4 c5 11. e5 Nd5 12. dxc5 Nd7 13. Nb3 Nxc5 14. Nxc5 Bxc5
15. Bd3 f5 16. exf6 Nxf6 17. Bg5 Qe8 18. Ne5 Bd4 19. Rad1 Rd8 20. Bb5 Qe7 21.
Nc6 Bxc6 22. Bxc6 e5 23. Kh1 Rd6 24. Bb5 Kh8 25. Bc4 Qe8 26. b3 Qg6 27. Be3 Nh5
28. g3 Nf6 29. Bxd4 exd4 30. Bd3 Qf7 31. Qe5 Rdd8 32. Bc4 Qd7 33. Kg1 Qh3 34.
Be6 Ng4 35. Bxg4 Qxg4 36. Rd3 Rfe8 37. Qa5 Rd6 38. Qxb4 Red8 39. Re1 Qg6 40.
Qd2 h6 41. b4 Qf5 42. b5 Rd5 43. Rd1 Qe5 44. h4 R8d7 45. Re1 Qf5 46. Re8+ Kh7
47. Qe2 Rc7 48. g4 Qg6 49. h5 Rxh5 50. Qe4 Rg5 51. Qxg6+ Rxg6 52. Rxd4 h5 53.
Ree4 a6 54. bxa6 hxg4 55. Rxg4 Rxa6 56. Rdf4 Ra5 57. Kg2 Rca7 58. Kf1 Rc5 59.
Rc4 Rf5 60. Rgf4 Re5 61. Rfe4 Rf5 62. Ke2 g5 63. f4 gxf4 64. Rxf4 Rd5 65. Ke3
Kg7 66. Rc2 Re7+ 67. Re4 Rxe4+ 68. Kxe4 Ra5 69. Ra2 Kf6 70. Kd4 Ke6 71. Kc4 Kd6
72. Kb4 Ra8 73. Rc2 Ke5 
1/2-1/2

[Event "Landsturneringen 2014"]
[Site "Clarion Hotel & Congress Trondheim"]
[Date "2014.07.14"]
[Round "4"]
[White "Hole, Øystein"]
[Black "Urkedal, Frode Olav Olsen"]
[Result "0-1"]
[WhiteElo "2351"]
[BlackElo "2487"]
[PlyCount "46"]
[EventDate "2014.??.??"]

1. Nf3 c5 2. c4 Nc6 3. Nc3 g6 4. e3 Nf6 5. d4 cxd4 6. exd4 d5 7. Bg5 Be6 8.
cxd5 Nxd5 9. Bb5 Bg7 10. Qa4 O-O 11. Bxc6 bxc6 12. O-O Nxc3 13. bxc3 Bd5 14.
Rfe1 Bxf3 15. Bxe7 Qd5 16. gxf3 Rfe8 17. Kg2 Rxe7 18. Rxe7 Qg5+ 19. Kf1 Qxe7
20. Qxc6 Re8 21. Rb1 Bf8 22. Rb7 Qe1+ 23. Kg2 Re2 
0-1

[Event "Landsturneringen 2014"]
[Site "Clarion Hotel & Congress Trondheim"]
[Date "2014.07.14"]
[Round "4"]
[White "Østenstad, Berge"]
[Black "Mikalsen, Erlend"]
[Result "1-0"]
[WhiteElo "2482"]
[BlackElo "2128"]
[PlyCount "85"]
[EventDate "2014.??.??"]

1. Nf3 d5 2. d4 Nf6 3. c4 e6 4. Nc3 Be7 5. Bg5 O-O 6. e3 b6 7. Bd3 Bb7 8. Bxf6
Bxf6 9. cxd5 exd5 10. b4 c5 11. bxc5 bxc5 12. O-O Bc6 13. Qc2 g6 14. dxc5 Qa5
15. Rac1 Qxc5 16. Ne4 Qe7 17. Nxf6+ Qxf6 18. Nd4 Bd7 19. Qc5 Be6 20. Bb5 Rd8
21. Qc7 Nd7 22. Bc6 Rab8 23. Qxa7 Ne5 24. Qa3 Nc4 25. Qc3 Rdc8 26. a4 Ne5 27.
Qa3 Nxc6 28. Rxc6 Rxc6 29. Nxc6 Ra8 30. Nd4 Bc8 31. Rc1 Bd7 32. a5 Qa6 33. Qe7
Ra7 34. Rc5 Qb7 35. Qd8+ Kg7 36. h3 h5 37. Qb6 Qxb6 38. axb6 Ra1+ 39. Kh2 Rb1
40. Rxd5 Be8 41. Rd8 Kf8 42. Rb8 Ke7 43. h4 
1-0

[Event "Landsturneringen 2014"]
[Site "Clarion Hotel & Congress Trondheim"]
[Date "2014.07.14"]
[Round "4"]
[White "Mihajlov, Sebastian"]
[Black "Djurhuus, Rune"]
[Result "0-1"]
[WhiteElo "2227"]
[BlackElo "2446"]
[PlyCount "91"]
[EventDate "2014.??.??"]

1. d4 Nf6 2. Nf3 c5 3. c3 e6 4. Bf4 Be7 5. e3 Nh5 6. Bg3 cxd4 7. exd4 d6 8. Bd3
Nd7 9. Nbd2 Ndf6 10. O-O Nxg3 11. hxg3 Bd7 12. Qe2 Qa5 13. Nh2 h5 14. Ne4 Ng4
15. b4 Qd5 16. Nf3 h4 17. Nxh4 Qh5 18. f3 Nh6 19. f4 Ng4 20. Nf2 Nxf2 21. Rxf2
Bxh4 22. Qxh5 Rxh5 23. gxh4 Rxh4 24. f5 e5 25. dxe5 dxe5 26. f6 gxf6 27. Rxf6
Ke7 28. Rf3 e4 29. Re1 f5 30. Bc4 Rah8 31. Kf2 b5 32. Bb3 Kf6 33. Rfe3 Bc6 34.
Rd1 Ke5 35. Rg3 f4 36. Rg5+ Kf6 37. Rc5 e3+ 38. Ke2 Bxg2 39. Rc7 Rh2 40. Rd6+
Kg5 41. Rg7+ Kh4 42. Rd4 Bf3+ 43. Kxf3 Rf2+ 44. Ke4 e2 45. Rd1 Rf1 46. Kd4 
0-1

[Event "Landsturneringen 2014"]
[Site "Clarion Hotel & Congress Trondheim"]
[Date "2014.07.14"]
[Round "4"]
[White "Lie, Espen"]
[Black "Salomon, Johan"]
[Result "1/2-1/2"]
[WhiteElo "2437"]
[BlackElo "2346"]
[PlyCount "35"]
[EventDate "2014.??.??"]

1. Nf3 c5 2. g3 Nc6 3. Bg2 g6 4. O-O Bg7 5. c4 e6 6. Nc3 Nge7 7. d3 O-O 8. Bf4
d5 9. cxd5 Nxd5 10. Nxd5 exd5 11. Qc1 b6 12. Bh6 Re8 13. Bxg7 Kxg7 14. Re1 Qf6
15. Qc3 d4 16. Nxd4 Nxd4 17. e3 Bh3 18. exd4 
1/2-1/2

[Event "Landsturneringen 2014"]
[Site "Clarion Hotel & Congress Trondheim"]
[Date "2014.07.14"]
[Round "4"]
[White "Løvik, Lasse Østebø"]
[Black "Tari, Aryan"]
[Result "0-1"]
[WhiteElo "2342"]
[BlackElo "2412"]
[PlyCount "80"]
[EventDate "2014.??.??"]

1. d4 Nf6 2. c4 e6 3. Nc3 Bb4 4. Qc2 O-O 5. a3 Bxc3+ 6. Qxc3 d6 7. Bg5 Nbd7 8.
e3 b6 9. Bd3 Bb7 10. f3 c5 11. Ne2 Rc8 12. O-O h6 13. Bh4 Qe7 14. Rac1 cxd4 15.
exd4 d5 16. Qb4 Qxb4 17. axb4 dxc4 18. Bxc4 a6 19. Rc3 b5 20. Bb3 Bd5 21. Rfc1
Rxc3 22. Rxc3 Bxb3 23. Rxb3 Nd5 24. Nc3 Rc8 25. Nxd5 Rc1+ 26. Kf2 Rc2+ 27. Kg3
exd5 28. Be7 Nb6 29. Ra3 Na4 30. b3 Nc3 31. Bc5 Ne2+ 32. Kh3 f5 33. Bd6 g5 34.
f4 Rc3+ 35. g3 gxf4 36. Rxa6 f3 37. Be5 Ng1+ 38. Kh4 f2 39. Kh5 f1=Q 40. Kg6
Qc1 
0-1

[Event "Landsturneringen 2014"]
[Site "Clarion Hotel & Congress Trondheim"]
[Date "2014.07.14"]
[Round "4"]
[White "Getz, Nicolai"]
[Black "Hobber, Anders"]
[Result "1/2-1/2"]
[WhiteElo "2380"]
[BlackElo "2315"]
[PlyCount "84"]
[EventDate "2014.??.??"]

1. g3 d5 2. Bg2 c6 3. d3 e5 4. Nf3 Nd7 5. O-O Ngf6 6. c4 dxc4 7. dxc4 Bc5 8.
Nc3 O-O 9. Qc2 Re8 10. a3 a5 11. Na4 Bf8 12. c5 Qe7 13. b4 e4 14. Nd4 axb4 15.
axb4 Qe5 16. Bb2 Qh5 17. Nc3 Rxa1 18. Rxa1 e3 19. f3 Nb8 20. Qb3 Na6 21. Qc4
Nc7 22. Ra7 Ncd5 23. Nd1 Qg6 24. b5 Nd7 25. bxc6 bxc6 26. Nb3 Ne5 27. Bxe5 Rxe5
28. f4 Re8 29. Nd4 Nxf4 30. gxf4 Bh3 31. Qxf7+ Qxf7 32. Rxf7 Kxf7 33. Bxh3 Rd8
34. Nxc6 Rxd1+ 35. Kg2 Bxc5 36. Ne5+ Ke7 37. Bg4 Bd6 38. Nd3 Rxd3 39. exd3 Bxf4
40. h3 Kd6 41. Kf3 Bg5 42. Ke4 h6 
1/2-1/2

[Event "Landsturneringen 2014"]
[Site "Clarion Hotel & Congress Trondheim"]
[Date "2014.07.14"]
[Round "4"]
[White "Fossan, Erik"]
[Black "Moen, Andreas G.R."]
[Result "1-0"]
[WhiteElo "2362"]
[BlackElo "2362"]
[PlyCount "43"]
[EventDate "2014.??.??"]

1. e4 e5 2. Bc4 Nf6 3. d3 c6 4. Nf3 d5 5. Bb3 Bb4+ 6. Bd2 a5 7. a3 Bxd2+ 8.
Nbxd2 Nbd7 9. O-O O-O 10. Re1 Qc7 11. d4 Nxe4 12. Nxe4 dxe4 13. Rxe4 exd4 14.
Qxd4 Nf6 15. Re5 b6 16. Rae1 c5 17. Qh4 Bb7 18. Re7 Qc6 19. Bxf7+ Kh8 20. R1e6
Qd5 21. Rxf6 Qd8 22. Bg6 
1-0

[Event "Landsturneringen 2014"]
[Site "Clarion Hotel & Congress Trondheim"]
[Date "2014.07.14"]
[Round "4"]
[White "Fossan, Petter"]
[Black "Holm, Kristian Stuvik"]
[Result "1-0"]
[WhiteElo "2257"]
[BlackElo "2316"]
[PlyCount "81"]
[EventDate "2014.??.??"]

1. e4 c5 2. c3 Nf6 3. e5 Nd5 4. d4 cxd4 5. Nf3 Nc6 6. cxd4 d6 7. Bc4 dxe5 8.
Bxd5 Qxd5 9. Nc3 Qd6 10. d5 Nb8 11. O-O g6 12. Be3 Bg7 13. Nb5 Qd7 14. Rc1 Na6
15. Qb3 O-O 16. Nxa7 h6 17. Rfd1 Kh7 18. Nd2 f5 19. Nc4 b5 20. Nxb5 f4 21. Nb6
Qg4 22. f3 Qg5 23. h4 Qxh4 24. Nxa8 Bh3 25. Rd2 Qg5 26. Nc3 fxe3 27. Ne4 Qf4
28. Re2 Bxg2 29. Rxg2 Qxf3 30. Ng3 Rxa8 31. Qb7 Qf8 32. Rc6 e2 33. Nxe2 e4 34.
Rxa6 Rb8 35. Qc6 Rxb2 36. Qxg6+ Kh8 37. Qxe4 Qb8 38. d6 Rb1+ 39. Kh2 exd6 40.
Ra8 Be5+ 41. Ng3 
1-0

[Event "Landsturneringen 2014"]
[Site "Clarion Hotel & Congress Trondheim"]
[Date "2014.07.15"]
[Round "5"]
[White "Urkedal, Frode Olav Olsen"]
[Black "Gausel, Einar J"]
[Result "1/2-1/2"]
[WhiteElo "2487"]
[BlackElo "2504"]
[PlyCount "97"]
[EventDate "2014.??.??"]

1. d4 Nf6 2. c4 e6 3. Nc3 Bb4 4. e3 c5 5. Bd3 O-O 6. Nf3 d5 7. O-O dxc4 8. Bxc4
Nbd7 9. Qe2 Qe7 10. a3 Ba5 11. Bd2 Bxc3 12. Bxc3 Ne4 13. Be1 b6 14. dxc5 Ndxc5
15. b4 Nd7 16. Nd4 Bb7 17. f3 Nd6 18. Bd3 Rac8 19. Bg3 Rfd8 20. Rfd1 Nf8 21.
Rac1 e5 22. Rxc8 Rxc8 23. Nf5 Nxf5 24. Bxf5 Rd8 25. Rxd8 Qxd8 26. h4 Qe7 27.
Qd3 h5 28. Kf2 e4 29. Bxe4 Bxe4 30. Qxe4 Qxe4 31. fxe4 b5 32. Bd6 Ng6 33. g4
hxg4 34. Kg3 Nf8 35. Bxf8 Kxf8 36. Kxg4 Ke7 37. Kf5 Kd6 38. e5+ Ke7 39. e6 g6+
40. Ke5 fxe6 41. e4 a6 42. Kf4 Kf6 43. Kg4 Kg7 44. Kg5 Kf7 45. Kg4 Kg7 46. Kf4
Kf6 47. Kf3 Kg7 48. Kg4 Kh6 49. e5 
1/2-1/2

[Event "Landsturneringen 2014"]
[Site "Clarion Hotel & Congress Trondheim"]
[Date "2014.07.15"]
[Round "5"]
[White "Elsness, Frode"]
[Black "Grønn, Atle"]
[Result "1/2-1/2"]
[WhiteElo "2489"]
[BlackElo "2368"]
[PlyCount "89"]
[EventDate "2014.??.??"]

1. d4 e6 2. c4 Bb4+ 3. Bd2 a5 4. g3 f5 5. Bg2 Nf6 6. Nf3 O-O 7. O-O Bxd2 8.
Nbxd2 Kh8 9. Qc2 Nc6 10. e4 Nb4 11. Qb1 fxe4 12. Nxe4 Nxe4 13. Qxe4 d5 14. Qe2
dxc4 15. Qxc4 b5 16. Qc5 Bb7 17. Ne5 Bxg2 18. Kxg2 Qd5+ 19. Qxd5 Nxd5 20. Rac1
Kg8 21. Rfe1 Ra6 22. Nc6 Kf7 23. a3 Kf6 24. Rc5 Rfa8 25. Ne5 b4 26. a4 Rd6 27.
Nc4 Rda6 28. b3 R8a7 29. Ne5 Ne7 30. Re4 Rd6 31. Rf4+ Nf5 32. Nc4 g5 33. Nxd6
cxd6 34. Rfxf5+ exf5 35. Rb5 h6 36. Kf1 Ke6 37. Ke2 Rc7 38. Rxa5 Rc2+ 39. Ke1
Rb2 40. Rb5 Rxb3 41. Ke2 Rb2+ 42. Ke3 Rb3+ 43. Ke2 Rb2+ 44. Ke3 Rb3+ 45. Ke2
1/2-1/2

[Event "Landsturneringen 2014"]
[Site "Clarion Hotel & Congress Trondheim"]
[Date "2014.07.15"]
[Round "5"]
[White "Hauge, Lars Oskar"]
[Black "Østenstad, Berge"]
[Result "1-0"]
[WhiteElo "2313"]
[BlackElo "2482"]
[PlyCount "71"]
[EventDate "2014.??.??"]

1. d4 Nf6 2. Nf3 g6 3. Nc3 d5 4. Bf4 Bg7 5. Qd2 O-O 6. Bh6 c5 7. Bxg7 Kxg7 8.
dxc5 Qa5 9. e4 Qxc5 10. exd5 Rd8 11. O-O-O Bg4 12. Qe3 Nbd7 13. Qxc5 Nxc5 14.
Be2 Rd6 15. h3 Bxf3 16. Bxf3 Rad8 17. Rhe1 Kf8 18. b3 a6 19. a3 Rc8 20. Kb2 h6
21. g3 Rc7 22. a4 Ncd7 23. a5 Rc5 24. b4 Rc7 25. Kb3 b5 26. Ne4 Nxe4 27. Rxe4
Nf6 28. Red4 Ke8 29. c4 bxc4+ 30. Rxc4 Kd8 31. Rxc7 Kxc7 32. Rc1+ Kb7 33. Re1
Ng8 34. Re3 Ka7 35. Rc3 Kb8 36. Rc6 
1-0

[Event "Landsturneringen 2014"]
[Site "Clarion Hotel & Congress Trondheim"]
[Date "2014.07.15"]
[Round "5"]
[White "Djurhuus, Rune"]
[Black "Fossan, Erik"]
[Result "0-1"]
[WhiteElo "2446"]
[BlackElo "2362"]
[PlyCount "88"]
[EventDate "2014.??.??"]

1. Nf3 Nf6 2. c4 c5 3. g3 g6 4. Bg2 Bg7 5. d4 cxd4 6. Nxd4 Nc6 7. O-O O-O 8.
Nc3 d6 9. Nc2 Qa5 10. e4 Bg4 11. f3 Bd7 12. Ne3 Rfc8 13. Bd2 Rab8 14. f4 Qd8
15. Rb1 a6 16. a4 Na5 17. b3 b5 18. axb5 axb5 19. Nxb5 Bxb5 20. cxb5 Rxb5 21.
b4 Nc6 22. Kh1 Ne8 23. Re1 Ra8 24. Qc2 Nd4 25. Qd3 e5 26. Nc2 Rab8 27. Nxd4
exd4 28. Bf1 Nc7 29. Qb3 R5b7 30. b5 Nxb5 31. Bxb5 Rxb5 32. Qxb5 Rxb5 33. Rxb5
h6 34. Bb4 Qc7 35. Rd5 f5 36. Rxd6 fxe4 37. Rxe4 Qb7 38. Rde6 Qxb4 39. Kg2 Kf7
40. h4 Qc5 41. Re8 Bf6 42. Kf3 Qc3+ 43. Kg4 h5+ 44. Kh3 Qc6 
0-1

[Event "Landsturneringen 2014"]
[Site "Clarion Hotel & Congress Trondheim"]
[Date "2014.07.15"]
[Round "5"]
[White "Holm, Kristian Stuvik"]
[Black "Lie, Espen"]
[Result "0-1"]
[WhiteElo "2316"]
[BlackElo "2437"]
[PlyCount "106"]
[EventDate "2014.??.??"]

1. c4 Nf6 2. Nc3 g6 3. d4 Bg7 4. e4 d6 5. Be2 O-O 6. Nf3 Na6 7. O-O e5 8. Re1
Qe8 9. dxe5 dxe5 10. b3 Nc5 11. Qc2 c6 12. Ba3 b6 13. Rad1 Qe7 14. Na4 Nfd7 15.
Qd2 Re8 16. Qe3 Bf8 17. Nxc5 Nxc5 18. Bb2 f6 19. h3 Ne6 20. Nh2 h5 21. Nf1 Qg7
22. Qc3 a5 23. a3 Nd4 24. Ne3 Be6 25. Bf1 Red8 26. Ra1 Be7 27. b4 Qf8 28. b5
cxb5 29. Nd5 Bxd5 30. cxd5 Rac8 31. Qg3 Nc2 32. Qxg6+ Qg7 33. Qxh5 Nxa1 34.
Bxa1 Rc2 35. Qd1 Ra2 36. Re3 Bc5 37. Rf3 Rxa3 38. Bd3 Kh8 39. Rf5 Qg6 40. Kh2
Rg8 41. Rh5+ Kg7 42. Rf5 Rh8 43. Rf3 Rh5 44. Bb2 Rg5 45. g4 Ra4 46. d6 Bxd6 47.
Bxb5 Rd4 48. Bd3 Qxe4 49. Bxd4 Qxd4 50. h4 Rxg4 51. Re3 Qf4+ 52. Kh3 Rxh4+ 53.
Kg2 Rh2+ 
0-1

[Event "Landsturneringen 2014"]
[Site "Clarion Hotel & Congress Trondheim"]
[Date "2014.07.15"]
[Round "5"]
[White "Tari, Aryan"]
[Black "Hole, Øystein"]
[Result "1-0"]
[WhiteElo "2412"]
[BlackElo "2351"]
[PlyCount "91"]
[EventDate "2014.??.??"]

1. e4 c6 2. d4 d5 3. e5 Bf5 4. h4 h5 5. c4 e6 6. Nc3 Ne7 7. Nge2 Bg4 8. Bg5 Qb6
9. Qd2 Nd7 10. Ng3 f6 11. exf6 gxf6 12. Be3 O-O-O 13. c5 Qc7 14. b4 e5 15. Be2
exd4 16. Qxd4 Ne5 17. O-O Rg8 18. Rae1 Bxe2 19. Ncxe2 Rg4 20. Bf4 Bh6 21. f3
Rg6 22. Bxh6 Rxh6 23. Nf4 Rg8 24. Nfxh5 Kd8 25. Qf4 Rgg6 26. Nxf6 Rxf6 27. Qxe5
Qxe5 28. Rxe5 Rxh4 29. Rfe1 Rh7 30. Nh5 Rf8 31. Kf2 Rhf7 32. Re6 Nf5 33. f4 Rh7
34. g4 Ng7 35. Rd6+ Kc8 36. Nxg7 Rxg7 37. Kg3 Rh8 38. g5 Kc7 39. Rde6 Kd7 40.
Kg4 Rh2 41. R6e2 Rh8 42. f5 Rgh7 43. f6 Rh4+ 44. Kf5 d4 45. Re7+ Kd8 46. f7 
1-0

[Event "Landsturneringen 2014"]
[Site "Clarion Hotel & Congress Trondheim"]
[Date "2014.07.15"]
[Round "5"]
[White "Salomon, Johan"]
[Black "Getz, Nicolai"]
[Result "1/2-1/2"]
[WhiteElo "2346"]
[BlackElo "2380"]
[PlyCount "85"]
[EventDate "2014.??.??"]

1. d4 Nf6 2. c4 g6 3. Nc3 Bg7 4. e4 d6 5. Nf3 O-O 6. Be2 e5 7. Be3 Ng4 8. Bg5
f6 9. Bh4 Nc6 10. d5 Ne7 11. Nd2 Nh6 12. f3 g5 13. Bf2 Ng6 14. g4 c5 15. a3 Nf4
16. Nf1 a6 17. Ne3 Nf7 18. b4 b6 19. h4 gxh4 20. Bxh4 Bh6 21. Kf2 Bg5 22. Bg3
Kg7 23. Rb1 Qc7 24. Qb3 cxb4 25. axb4 Rh8 26. c5 bxc5 27. bxc5 Nxe2 28. Nxe2
Qxc5 29. Rhc1 Qa7 30. Rc3 h5 31. gxh5 Bxe3+ 32. Rxe3 Rxh5 33. Qb6 Qxb6 34. Rxb6
a5 35. Ra3 Kf8 36. Nc3 Bd7 37. Rb7 Be8 38. Nb5 Bxb5 39. Rxb5 f5 40. exf5 Rc8
41. Rbxa5 Rc2+ 42. Ke3 Rxf5 43. f4 
1/2-1/2

[Event "Landsturneringen 2014"]
[Site "Clarion Hotel & Congress Trondheim"]
[Date "2014.07.15"]
[Round "5"]
[White "Mikalsen, Erlend"]
[Black "Løvik, Lasse Østebø"]
[Result "0-1"]
[WhiteElo "2128"]
[BlackElo "2342"]
[PlyCount "92"]
[EventDate "2014.??.??"]

1. e4 e6 2. d4 d5 3. Nc3 Bb4 4. e5 Ne7 5. a3 Bxc3+ 6. bxc3 c5 7. Nf3 b6 8. a4
Ba6 9. Bxa6 Nxa6 10. Qe2 Nb8 11. a5 Nd7 12. O-O O-O 13. Bg5 h6 14. Bh4 Re8 15.
axb6 axb6 16. Qb5 Rxa1 17. Rxa1 Qc7 18. Bxe7 Rxe7 19. Ra8+ Nf8 20. dxc5 Qxc5
21. Qxc5 bxc5 22. Rc8 Ra7 23. Kf1 c4 24. Ke2 g5 25. h4 gxh4 26. Nxh4 Kg7 27. g4
Ra1 28. f4 Rc1 29. f5 Rxc2+ 30. Kf3 Rxc3+ 31. Kf4 Rd3 32. f6+ Kg8 33. Ng2 c3
34. Ne1 Rd4+ 35. Kf3 Rc4 36. Rxc4 dxc4 37. Ke3 Nd7 38. Nf3 Kh7 39. Ke2 Kg6 40.
Kd1 Nb6 41. Kc1 Nd5 42. Kc2 Ne3+ 43. Kxc3 Nxg4 44. Kxc4 Kf5 45. Kd4 Kf4 46. Nh4
Nxe5 
0-1

[Event "Landsturneringen 2014"]
[Site "Clarion Hotel & Congress Trondheim"]
[Date "2014.07.15"]
[Round "5"]
[White "Hobber, Anders"]
[Black "Fossan, Petter"]
[Result "1-0"]
[WhiteElo "2315"]
[BlackElo "2257"]
[PlyCount "125"]
[EventDate "2014.??.??"]

1. d4 Nf6 2. Nf3 g6 3. Bf4 Bg7 4. e3 O-O 5. h3 d6 6. Be2 b6 7. O-O Bb7 8. Bh2
c5 9. c3 Nbd7 10. a4 a6 11. Qb3 Qc7 12. Na3 Ne4 13. Rfd1 Rad8 14. d5 Rb8 15.
Qc2 f5 16. c4 Bc8 17. Ne1 Be5 18. Bxe5 Nxe5 19. Nd3 Nxd3 20. Bxd3 Nf6 21. Nb1
e5 22. dxe6 Bxe6 23. Nc3 Qf7 24. b3 b5 25. axb5 axb5 26. Nxb5 Rxb5 27. cxb5
Bxb3 28. Qc3 Bxd1 29. Rxd1 Nd5 30. Qc1 Nb6 31. Be2 Rd8 32. Bf3 Qb3 33. Qa1 Qf7
34. Qc3 Qg7 35. Qa5 Qc7 36. Bc6 d5 37. Bxd5+ Rxd5 38. Rxd5 Nxd5 39. Qa8+ Kf7
40. Qxd5+ Ke7 41. Qc4 Kd7 42. Kf1 Kc8 43. Qe6+ Kb7 44. Qa6+ Kb8 45. Ke2 c4 46.
b6 Qc6 47. Kd2 Qd5+ 48. Kc3 Qd3+ 49. Kb4 Qd6+ 50. Kxc4 Qc6+ 51. Kb3 Qd5+ 52.
Qc4 Qd1+ 53. Qc2 Qd5+ 54. Kb4 Qd6+ 55. Qc5 Qd2+ 56. Kb5 Qd7+ 57. Kc4 Qa4+ 58.
Kd5 Qe4+ 59. Kd6 Qd3+ 60. Ke6 Qb3+ 61. Ke7 Kb7 62. Qc7+ Ka6 63. b7 
1-0

[Event "Landsturneringen 2014"]
[Site "Clarion Hotel & Congress Trondheim"]
[Date "2014.07.16"]
[Round "6"]
[White "Lie, Espen"]
[Black "Gausel, Einar J"]
[Result "1/2-1/2"]
[WhiteElo "2437"]
[BlackElo "2504"]
[PlyCount "57"]
[EventDate "2014.??.??"]

1. e4 e5 2. Nf3 Nc6 3. Bc4 Nf6 4. d3 Be7 5. c3 O-O 6. Bb3 d6 7. Nbd2 Nd7 8. Nf1
Nc5 9. Bd5 Bf6 10. Ng3 Ne7 11. Bc4 d5 12. exd5 Nxd5 13. Ne4 Nxe4 14. dxe4 Nb6
15. Qxd8 Rxd8 16. Bb3 Bd7 17. Be3 Bc6 18. Nd2 Na4 19. O-O-O Kf8 20. Nc4 Nb6 21.
f3 Nxc4 22. Bxc4 a5 23. Rxd8+ Rxd8 24. Rd1 Rxd1+ 25. Kxd1 Bd7 26. b4 b5 27. Bd3
axb4 28. cxb4 Be7 29. a3 
1/2-1/2

[Event "Landsturneringen 2014"]
[Site "Clarion Hotel & Congress Trondheim"]
[Date "2014.07.16"]
[Round "6"]
[White "Tari, Aryan"]
[Black "Urkedal, Frode Olav Olsen"]
[Result "1-0"]
[WhiteElo "2412"]
[BlackElo "2487"]
[PlyCount "61"]
[EventDate "2014.??.??"]

1. d4 Nf6 2. c4 e6 3. g3 Bb4+ 4. Nd2 c5 5. a3 Bxd2+ 6. Qxd2 cxd4 7. Nf3 O-O 8.
Bg2 Qc7 9. Qxd4 Nc6 10. Qd3 e5 11. Ng5 d5 12. Bxd5 h6 13. Ne4 Nxd5 14. cxd5 Nd4
15. O-O Bh3 16. Rd1 Rad8 17. Nc3 Bf5 18. e4 Bg4 19. Be3 Bxd1 20. Rxd1 Qb6 21.
Bxd4 exd4 22. Na4 Qg6 23. Qxd4 Rfe8 24. Nc3 a6 25. e5 Qf5 26. f4 f6 27. Re1
fxe5 28. fxe5 b5 29. Qf4 Qd3 30. e6 Rf8 31. e7 
1-0

[Event "Landsturneringen 2014"]
[Site "Clarion Hotel & Congress Trondheim"]
[Date "2014.07.16"]
[Round "6"]
[White "Østenstad, Berge"]
[Black "Djurhuus, Rune"]
[Result "1/2-1/2"]
[WhiteElo "2482"]
[BlackElo "2446"]
[PlyCount "77"]
[EventDate "2014.??.??"]

1. d4 Nf6 2. c4 g6 3. Nc3 Bg7 4. e4 d6 5. Nf3 O-O 6. Be2 e5 7. O-O Nc6 8. d5
Ne7 9. b4 Nh5 10. Re1 f5 11. Ng5 Nf6 12. Bf3 c6 13. Be3 h6 14. Ne6 Bxe6 15.
dxe6 fxe4 16. Nxe4 Nxe4 17. Bxe4 d5 18. cxd5 cxd5 19. Bc5 dxe4 20. Qxd8 Rfxd8
21. Bxe7 Re8 22. Bc5 Rxe6 23. Rxe4 Rc8 24. Be3 Rd6 25. a4 a6 26. g4 Rd5 27. Kg2
Kf7 28. b5 axb5 29. Rb1 h5 30. gxh5 gxh5 31. axb5 Kg6 32. Ra4 Bh6 33. Bxh6 Kxh6
34. Ra7 Rc7 35. b6 Rf7 36. Rb2 Rd6 37. Ra8 Rff6 38. Rb8 Rxb6 39. Rxb7 
1/2-1/2

[Event "Landsturneringen 2014"]
[Site "Clarion Hotel & Congress Trondheim"]
[Date "2014.07.16"]
[Round "6"]
[White "Getz, Nicolai"]
[Black "Mihajlov, Sebastian"]
[Result "0-1"]
[WhiteElo "2380"]
[BlackElo "2227"]
[PlyCount "48"]
[EventDate "2014.??.??"]

1. e4 e5 2. Nf3 Nc6 3. Bb5 a6 4. Ba4 Nf6 5. d3 b5 6. Bb3 Be7 7. g4 O-O 8. g5
Ne8 9. Bd5 Rb8 10. h4 Nb4 11. Bb3 d5 12. Nxe5 Bd6 13. Nxf7 Rxf7 14. c3 c5 15.
exd5 Nxd3+ 16. Qxd3 c4 17. Qd4 cxb3 18. axb3 Be5 19. Qd1 Nc7 20. c4 bxc4 21.
bxc4 Bxb2 22. Bxb2 Rxb2 23. Nd2 Qe8+ 24. Kf1 Qe3 
0-1

[Event "Landsturneringen 2014"]
[Site "Clarion Hotel & Congress Trondheim"]
[Date "2014.07.16"]
[Round "6"]
[White "Moen, Andreas G.R."]
[Black "Grønn, Atle"]
[Result "1-0"]
[WhiteElo "2362"]
[BlackElo "2368"]
[PlyCount "53"]
[EventDate "2014.??.??"]

1. e4 c5 2. Nf3 e6 3. b3 b6 4. c4 Bb7 5. Nc3 Nc6 6. Bb2 Nd4 7. Bd3 Nf6 8. O-O
Qb8 9. h3 Bd6 10. Nxd4 cxd4 11. Nb5 Bh2+ 12. Kh1 a6 13. Nxd4 Nxe4 14. Bxe4 Bxe4
15. Qg4 Qf4 16. Rae1 f5 17. Qh5+ Kd8 18. Ne2 Qd6 19. f4 Qxd2 20. Bc3 Qxa2 21.
Kxh2 Qxb3 22. Qf7 Re8 23. Bxg7 Rc8 24. Rd1 Qa4 25. Nc3 Qc6 26. Nxe4 fxe4 27.
Bf6+ 
1-0

[Event "Landsturneringen 2014"]
[Site "Clarion Hotel & Congress Trondheim"]
[Date "2014.07.16"]
[Round "6"]
[White "Fossan, Erik"]
[Black "Hauge, Lars Oskar"]
[Result "1/2-1/2"]
[WhiteElo "2362"]
[BlackElo "2313"]
[PlyCount "110"]
[EventDate "2014.??.??"]

1. e4 e6 2. d4 d5 3. Nd2 Nf6 4. e5 Nfd7 5. Bd3 c5 6. c3 Nc6 7. Ne2 cxd4 8. cxd4
f6 9. exf6 Nxf6 10. Nf3 Bd6 11. Bf4 Bxf4 12. Nxf4 Qd6 13. g3 Ne4 14. O-O O-O
15. Re1 Rxf4 16. gxf4 Qxf4 17. Bxe4 dxe4 18. Ne5 Bd7 19. Qg4 Qxg4+ 20. Nxg4
Nxd4 21. Rxe4 Nf3+ 22. Kg2 Ng5 23. Re3 Bc6+ 24. f3 Rd8 25. Ne5 Bd5 26. Rc1 Nf7
27. Rc7 Nxe5 28. Rxe5 Rf8 29. Re3 Rf4 30. Rec3 h5 31. Rd7 Bc6 32. Rxc6 bxc6 33.
Rxa7 Kh7 34. Kg3 Rb4 35. b3 h4+ 36. Kf2 Rd4 37. Ke2 Rd5 38. Ra4 g5 39. Re4 e5
40. Rc4 Ra5 41. a4 Ra6 42. Kd3 Kg6 43. Kc3 Kf5 44. Kb4 h3 45. a5 Ra8 46. Ka4
Rd8 47. a6 Rd2 48. Ka3 Rxh2 49. a7 Rh1 50. Kb2 Rh2+ 51. Kb1 Rh1+ 52. Ka2 Rh2+
53. Ka3 Rh1 54. Kb2 Rh2+ 55. Kb1 Rh1+ 
1/2-1/2

[Event "Landsturneringen 2014"]
[Site "Clarion Hotel & Congress Trondheim"]
[Date "2014.07.16"]
[Round "6"]
[White "Løvik, Lasse Østebø"]
[Black "Hole, Øystein"]
[Result "1/2-1/2"]
[WhiteElo "2342"]
[BlackElo "2351"]
[PlyCount "35"]
[EventDate "2014.??.??"]

1. d4 d5 2. c4 c6 3. Nc3 Nf6 4. e3 a6 5. Qc2 e6 6. Nf3 Be7 7. Bd3 Nbd7 8. O-O
dxc4 9. Bxc4 b5 10. Be2 c5 11. dxc5 Bxc5 12. a3 Bb7 13. b4 Be7 14. Bb2 O-O 15.
Rfd1 Qb6 16. Rac1 Rac8 17. Qb1 Rfd8 18. Nd2 
1/2-1/2